MARC details
| 000 -CABECERA |
| campo de control de longitud fija |
03310nam a2200505Ia 4500 |
| 001 - NÚMERO DE CONTROL |
| campo de control |
dia_4378 |
| 003 - IDENTIFICADOR DEL NÚMERO DE CONTROL |
| campo de control |
CHAP |
| 005 - FECHA Y HORA DE LA ÚLTIMA TRANSACCIÓN |
| campo de control |
20240820124240.0 |
| 007 - CAMPO FIJO DE DESCRIPCIÓN FÍSICA--INFORMACIÓN GENERAL |
| campo de control de longitud fija |
ta |
| 008 - DATOS DE LONGITUD FIJA--INFORMACIÓN GENERAL |
| campo de control de longitud fija |
220117s2015 mx oedmfrm a001 0 spa d |
| 010 ## - NÚMERO DE CONTROL DE LA BIBLIOTECA DEL CONGRESO |
| Número de control de LC |
177006 |
| 040 ## - FUENTE DE LA CATALOGACIÓN |
| Centro/agencia transcriptor |
CHAP |
| Centro catalogador/agencia de origen |
mxchpua |
| Normas de descripción |
rda |
| 041 0# - CÓDIGO DE LENGUA |
| Código de lengua del texto/banda sonora o título independiente |
spa |
| Código de lengua del sumario o resumen |
spa |
| 090 ## - LOCALMENTE ASIGNADO TIPO-LC NÚMERO DE CLASIFICACIÓN (OCLC); NÚMERO DE CLASIFICACIÓN LOCAL (RLIN) |
| Número de clasificación (OCLC) (R) ; Numero de clasificación, CALL (RLIN) (NR) |
Tesis |
| Número cutter local (OCLC) ; Número de libro/Signatura topográfica íntegra, CALL (RLIN) |
M37 |
| año |
2015 |
| 100 1# - ENTRADA PRINCIPAL--NOMBRE DE PERSONA |
| Nombre de persona |
Marín de los Santos, Bianca |
| 245 10 - MENCIÓN DE TÍTULO |
| Título |
Proyecto para el establecimiento de una empacadora de calabacita (Cucurbita Pepo L.) / |
| Mención de responsabilidad, etc. |
Bianca Marín de los Santos |
| 264 ## - PRODUCCIÓN, PUBLICACIÓN, DISTRIBUCIÓN, FABRICACIÓN Y COPYRIGHT |
| Producción, publicación, distribución, fabricación y copyright |
Chapingo, México : |
| Nombre del de productor, editor, distribuidor, fabricante |
El autor, |
| Fecha de producción, publicación, distribución, fabricación o copyright |
2015 |
| 300 ## - DESCRIPCIÓN FÍSICA |
| Extensión |
114 hojas : |
| Otras características físicas |
mapas, gráficas, diagramas, tablas, fotos, planos + |
| Material acompañante/anejo |
1 CD-ROM |
| 336 ## - TIPO DE CONTENIDO |
| Fuente |
rdacontent |
| Término de tipo de contenido |
texto |
| Código de tipo de contenido |
txt |
| 337 ## - TIPO DE MEDIO |
| Fuente |
rdamedia |
| Nombre/término del tipo de medio |
no mediado |
| Código del tipo de medio |
n |
| 338 ## - TIPO DE SOPORTE |
| Fuente |
rdacarrier |
| Nombre/término del tipo de soporte |
volumen |
| Código del tipo de soporte |
nc |
| 500 ## - NOTA GENERAL |
| Nota general |
El CD contiene planos, presentación y tesis |
| 502 ## - NOTA DE TESIS |
| Nota de tesis |
Formulación y evaluación de proyectos |
| Tipo de título |
(Ingeniero Agroindustrial) -- |
| Nombre de la institución que otorga el título |
UACh. Departamento de Ingeniería Agroindustrial, |
| Año de obtención del título |
2015 |
| 504 ## - NOTA DE BIBLIOGRAFÍA, ETC. |
| Nota de bibliografía, etc. |
Bibliografía: hojas 107-111 |
| 505 0# - NOTA DE CONTENIDO CON FORMATO |
| Nota de contenido con formato |
3 planos --<br/>1. Plano de distribución de áreas (Esc. 1:100) --<br/>2. Plano de distribución de equipo (Esc. 1:100) --<br/>3. Diagrama de recorrido de proceso (Esc. 1:100) |
| 520 3# - SUMARIO, ETC. |
| Sumario, etc. |
El sector hortofrutícola en el periodo de 2000 al 2010 ha tenido un crecimiento anual del 11%. En particular la calabacita es uno de los cultivos hortofrutícolas con una demanda creciente en el extranjero que se ha distinguido en los últimos cinco años. Esta hortaliza se produce en 20 países, los principales son: China, India, Federación Rusa, Irán y Estados Unidos, ocupando el séptimo lugar México. Nuestro país se encuentra en tercer lugar de exportación a nivel mundial y primer lugar en el continente americano debido a que la calabacita. Nacionalmente los productos con mayor demanda son jitomate, cebolla, tomate verde, calabacita, pepino; Los principales estados productores son: Sonora con 74.3 miles de t, Puebla 51.8 miles de t, Sinaloa con 44.7 miles de t y el estado de Oaxaca se encuentra en catorceavo lugar de producción pero en PMR obtuvo en el 2013 $6,830.05 por tonelada ocupando el cuarto lugar posicionándose por encima de los mayores productores de calabacita. |
| 650 13 - PUNTO DE ACCESO ADICIONAL DE MATERIA--TÉRMINO DE MATERIA |
| Término de materia o nombre geográfico como elemento de entrada |
Cucurbita Pepo |
| Fuente del encabezamiento o término |
atg |
| 650 13 - PUNTO DE ACCESO ADICIONAL DE MATERIA--TÉRMINO DE MATERIA |
| Término de materia o nombre geográfico como elemento de entrada |
Envasado de alimentos |
| Fuente del encabezamiento o término |
atg |
| 650 13 - PUNTO DE ACCESO ADICIONAL DE MATERIA--TÉRMINO DE MATERIA |
| Término de materia o nombre geográfico como elemento de entrada |
Hortalizas |
| Subdivisión general |
Envasado |
| Fuente del encabezamiento o término |
atg |
| 650 13 - PUNTO DE ACCESO ADICIONAL DE MATERIA--TÉRMINO DE MATERIA |
| Término de materia o nombre geográfico como elemento de entrada |
Food packaging |
| Fuente del encabezamiento o término |
atg |
| 650 13 - PUNTO DE ACCESO ADICIONAL DE MATERIA--TÉRMINO DE MATERIA |
| Término de materia o nombre geográfico como elemento de entrada |
Vegetables |
| Subdivisión general |
Packing |
| Fuente del encabezamiento o término |
atg |
| 700 1# - PUNTO DE ACCESO ADICIONAL--NOMBRE DE PERSONA |
| Nombre de persona |
Ponce Hernández, Pedro |
| Término indicativo de función/relación |
director |
| 700 1# - PUNTO DE ACCESO ADICIONAL--NOMBRE DE PERSONA |
| Nombre de persona |
Asencio Rivera, Rogelio |
| Término indicativo de función/relación |
asesor |
| 700 1# - PUNTO DE ACCESO ADICIONAL--NOMBRE DE PERSONA |
| Nombre de persona |
Sánchez Moctezuma, Gabriela |
| Término indicativo de función/relación |
asesor |
| 856 41 - LOCALIZACIÓN Y ACCESO ELECTRÓNICOS |
| Identificador Uniforme del Recurso |
<a href="http://10.13.5.2/tesis/sist111625.pdf">http://10.13.5.2/tesis/sist111625.pdf</a> |
| Texto de enlace |
Descargar tesis PDF |
| 856 41 - LOCALIZACIÓN Y ACCESO ELECTRÓNICOS |
| Identificador Uniforme del Recurso |
<a href="http://10.13.5.2/tesis/anexos/sist111625_A1 DISTRIBUCIÓN DE EQUIPOS.pdf">http://10.13.5.2/tesis/anexos/sist111625_A1 DISTRIBUCIÓN DE EQUIPOS.pdf</a> |
| Texto de enlace |
Descargar Plano "DISTRIBUCIÓN DE EQUIPOS" PDF |
| 856 41 - LOCALIZACIÓN Y ACCESO ELECTRÓNICOS |
| Identificador Uniforme del Recurso |
<a href="http://10.13.5.2/tesis/anexos/sist111625_A DIAGRAMA DE RECORIDO DE PROCESO.pdf">http://10.13.5.2/tesis/anexos/sist111625_A DIAGRAMA DE RECORIDO DE PROCESO.pdf</a> |
| Texto de enlace |
Descargar plano "DIAGRAMA DE RECORIDO DE PROCESO" PDF |
| 856 41 - LOCALIZACIÓN Y ACCESO ELECTRÓNICOS |
| Identificador Uniforme del Recurso |
<a href="http://10.13.5.2/tesis/anexos/sist111625_A DISTRIBUCIÓN DE AREAS EMPACADORA.pdf">http://10.13.5.2/tesis/anexos/sist111625_A DISTRIBUCIÓN DE AREAS EMPACADORA.pdf</a> |
| Texto de enlace |
Descargar plano "DISTRIBUCIÓN DE AREAS EMPACADORA" PDF |
| 901 ## - ELEMENTOS DE DATOS A LOCAL LDA (RLIN) |
| a |
TESIS M37 2015 |
| 942 ## - ELEMENTOS DE PUNTO DE ACCESO ADICIONAL (KOHA) |
| Tipo de ítem Koha |
TESIS |
| Fuente del sistema de clasificación o colocación |
Clasificación Universidad Autónoma Chapingo |
| 902 ## - ELEMENTOS DE DATOS B LOCAL, LDB (RLIN) |
| a |
M |
| 905 ## - ELEMENTOS DE DATOS E LOCAL, LDE (RLIN) |
| a |
5232272015 mx edml8223123322spa16 |